[Event "ch-ISR"]
[Site "Ramat Aviv ISR"]
[Date "2004.09.20"]
[Round "2"]
[White "Rinberg,A"]
[Black "Kudischewitsch,D"]
[Result "1-0"]
[WhiteElo "2336"]
[BlackElo "2405"]
[EventDate "2004.09.19"]

1. e4 d5 2. exd5 Qxd5 3. Nc3 Qd6 4. d4 Nf6 5. Nf3 a6 6. Be2 Nbd7 7. O-O e6
8. Be3 c5 9. Nd2 cxd4 10. Nc4 Qc7 11. Qxd4 Bc5 12. Qf4 e5 13. Qg3 O-O 14.
Rad1 Re8 15. Nd5 Nxd5 16. Rxd5 b5 17. Bxc5 bxc4 18. Bd6 Qc6 19. Bxe5 Nxe5
20. Rxe5 Bb7 21. Bf3 Qb6 22. Rfe1 Rxe5 23. Qxe5 h6 24. Bxb7 Qxb7 25. Qe4
Qc8 26. Re3 Rb8 27. b3 Qc5 28. h3 cxb3 29. axb3 Rc8 30. Rd3 g6 31. c4 h5
32. Rd7 Rf8 33. Rb7 Rd8 34. Qf4 Rf8 35. b4 Qc6 36. Rb8 Qd7 37. b5 axb5 38.
cxb5 Qa7 39. Rxf8+ Kxf8 40. Qd6+ Ke8 41. b6 Qb7 42. h4 Qc8 43. Kh2 Qb7 44.
Kg3 Qc8 45. f3 Qb7 46. Kf4 Qc8 47. Kg5 Qc4 48. Kh6 Qc3 49. b7 1-0

[Event "ch-ISR"]
[Site "Ramat Aviv ISR"]
[Date "2004.09.20"]
[Round "2"]
[White "Klenburg,M"]
[Black "Deutsch,E"]
[Result "1-0"]
[WhiteElo "2399"]
[BlackElo "2350"]
[EventDate "2004.09.19"]

1. e4 c5 2. d3 Nc6 3. g3 d5 4. Nd2 Nf6 5. h3 e5 6. Bg2 d4 7. Ne2 Bd6 8. O-O
Bd7 9. f4 Qe7 10. a3 O-O-O 11. Rb1 a5 12. Nc4 Bc7 13. b4 axb4 14. axb4 cxb4
15. fxe5 Nxe5 16. Nxe5 Bxe5 17. Bf4 Bxf4 18. gxf4 Ba4 19. Qd2 b3 20. cxb3
Bb5 21. Ra1 Kb8 22. Ra5 Bc6 23. Rfa1 b6 24. Ra6 Nd7 25. Qa2 Rc8 26. Ra7 b5
27. Ra8+ 1-0

[Event "ch-ISR"]
[Site "Ramat Aviv ISR"]
[Date "2004.09.20"]
[Round "2"]
[White "Zaltz,D"]
[Black "Shachar,E"]
[Result "1-0"]
[WhiteElo "2315"]
[BlackElo "2394"]
[EventDate "2004.09.19"]

1. e4 e6 2. d4 d5 3. Nd2 dxe4 4. Nxe4 Nd7 5. Nf3 Ngf6 6. Bd3 Be7 7. Qe2 c5
8. Nxf6+ Nxf6 9. dxc5 Bxc5 10. O-O Qc7 11. Bg5 a6 12. Rad1 Bd6 13. Rfe1 Nd5
14. Be4 h6 15. Bh4 Nf6 16. Bd3 Nh5 17. Qd2 g5 18. Bg3 Nxg3 19. hxg3 g4 20.
Nd4 Bd7 21. Nf5 Bf8 22. Ne3 O-O-O 23. Nxg4 Bg7 24. Qe2 Kb8 25. Ne5 Bc8 26.
c3 h5 27. Nf3 Bf6 28. Bc2 Rdg8 29. Rd2 Rg4 30. Ne5 Rg7 31. Rd4 Rhg8 32. Rc4
Qd6 33. Rd4 Qc7 34. Rc4 Qa5 35. Ra4 Qd5 36. Bb3 Qd6 37. Rd4 Qe7 38. Rb4 Qc7
39. Rc4 Qd6 40. Rd4 Qc7 41. Rc4 Qd6 42. Rf4 Qe7 43. Qf3 Bxe5 44. Rxe5 f5
45. Qe3 Qd6 46. Rd4 Qc7 47. Rc4 Qf7 48. Rec5 1-0

[Event "ch-ISR"]
[Site "Ramat Aviv ISR"]
[Date "2004.09.20"]
[Round "2"]
[White "Bitansky,I"]
[Black "Karasik,E"]
[Result "1-0"]
[WhiteElo "2377"]
[BlackElo "2174"]
[EventDate "2004.09.19"]

1. e4 c5 2. Nf3 Nc6 3. Nc3 Nd4 4. Bc4 e6 5. O-O Qc7 6. d3 a6 7. Nxd4 cxd4
8. Ne2 Bc5 9. Ng3 b5 10. Bb3 Bb7 11. Qf3 Bd6 12. Bd2 Ne7 13. c3 Nc6 14.
Rac1 Be5 15. Qh5 dxc3 16. bxc3 Bf4 17. Bxf4 Qxf4 18. Qc5 d6 19. Qb6 Rb8 20.
Ne2 Qd2 21. Nd4 Nxd4 22. Qxd4 O-O 23. Qxd6 Rfd8 24. Qc7 Rdc8 25. Qg3 a5 26.
Rfd1 Qh6 27. Bc2 Ra8 28. Bb1 b4 29. c4 Ba6 30. c5 a4 31. d4 Rd8 32. Qe3
Qxe3 33. fxe3 Bb5 34. d5 b3 35. c6 Rd6 36. Rc5 Be2 37. Rd2 Bh5 38. axb3
axb3 39. Rb2 exd5 40. exd5 Bd1 41. c7 Rc8 42. Bf5 1-0

[Event "ch-ISR"]
[Site "Ramat Aviv ISR"]
[Date "2004.09.21"]
[Round "3"]
[White "Mikhalevski,V"]
[Black "Golod,V"]
[Result "1/2-1/2"]
[WhiteElo "2551"]
[BlackElo "2538"]
[EventDate "2004.09.19"]

1. d4 Nf6 2. Nf3 d5 3. c4 e6 4. Nc3 c5 5. e3 a6 6. dxc5 Bxc5 7. a3 dxc4 8.
Qxd8+ Kxd8 9. Bxc4 b5 10. Bd3 Bb7 1/2-1/2

[Event "ch-ISR"]
[Site "Ramat Aviv ISR"]
[Date "2004.09.21"]
[Round "3"]
[White "Avrukh,B"]
[Black "Lerner,K"]
[Result "1/2-1/2"]
[WhiteElo "2600"]
[BlackElo "2494"]
[EventDate "2004.09.19"]

1. d4 Nf6 2. c4 e6 3. g3 d5 4. Bg2 Bb4+ 5. Bd2 Be7 6. Nf3 O-O 7. O-O c6 8.
Bf4 b6 9. Nc3 Bb7 10. Rc1 Nbd7 11. Qb3 Nh5 12. Be5 Nhf6 13. Bf4 Nh5 14. Be3
Nhf6 15. Rfd1 Bd6 16. cxd5 exd5 17. Bg5 Be7 18. e3 Ne8 19. Bxe7 Qxe7 20. e4
dxe4 21. Nxe4 Nef6 22. Nc5 Nxc5 23. dxc5 bxc5 24. Re1 Qc7 25. Rxc5 Rfe8 26.
h3 Qb6 27. Qc2 Nd7 28. Rxe8+ Rxe8 29. Rc3 g6 30. Ng5 h6 31. Ne4 c5 32. Rb3
Bxe4 33. Bxe4 Qe6 34. Re3 Qf6 35. Ra3 Qe6 36. Re3 Qf6 37. Rf3 Qe6 38. Re3
1/2-1/2

[Event "ch-ISR"]
[Site "Ramat Aviv ISR"]
[Date "2004.09.21"]
[Round "3"]
[White "Gruenfeld,Y"]
[Black "Huzman,A"]
[Result "1-0"]
[WhiteElo "2471"]
[BlackElo "2588"]
[EventDate "2004.09.19"]

1. e4 e5 2. Nf3 Nf6 3. Nxe5 d6 4. Nf3 Nxe4 5. d4 d5 6. Bd3 Bd6 7. O-O O-O
8. c4 c6 9. Re1 Re8 10. cxd5 cxd5 11. Nc3 Nxc3 12. Rxe8+ Qxe8 13. bxc3 Nc6
14. Rb1 b6 15. Bd2 Na5 16. Ng5 h6 17. Qh5 Bb7 18. Nh7 Qc6 19. Nf6+ Kf8 20.
Bxh6 gxh6 21. Qxh6+ Ke7 22. Re1+ Kd8 23. Qg7 1-0

[Event "ch-ISR"]
[Site "Ramat Aviv ISR"]
[Date "2004.09.21"]
[Round "3"]
[White "Roiz,M"]
[Black "Khmelniker,I"]
[Result "1/2-1/2"]
[WhiteElo "2574"]
[BlackElo "2444"]
[EventDate "2004.09.19"]

1. c4 Nf6 2. d4 e6 3. g3 d5 4. Bg2 Be7 5. Nf3 O-O 6. O-O b6 7. cxd5 exd5 8.
Nc3 Bb7 9. Bf4 Na6 10. Rc1 Ne4 11. Qa4 c5 12. Rfd1 Qe8 13. Qxe8 Rfxe8 14.
dxc5 Bxc5 15. e3 Nxc3 16. Rxc3 Bf8 17. Nd4 Nc5 18. Nb5 Ne4 19. Rc7 Re7 20.
Rdc1 Nc5 21. b4 Rxc7 22. Nxc7 Nd3 23. Rd1 Nxf4 24. gxf4 Rc8 25. Nxd5 Bxd5
26. Bxd5 Bxb4 27. Bb3 Rc7 28. Rd8+ Bf8 29. h4 g6 30. h5 gxh5 31. f5 a5 32.
a4 b5 33. axb5 Rb7 34. Bc4 a4 35. Ra8 a3 36. e4 Rc7 37. Bd5 Rc1+ 38. Kg2
Rb1 39. Ra5 Kg7 1/2-1/2

[Event "ch-ISR"]
[Site "Ramat Aviv ISR"]
[Date "2004.09.21"]
[Round "3"]
[White "Gershon,A"]
[Black "Postny,E"]
[Result "1/2-1/2"]
[WhiteElo "2518"]
[BlackElo "2563"]
[EventDate "2004.09.19"]

1. d4 d5 2. c4 c6 3. Nc3 Nf6 4. e3 a6 5. Qc2 b5 6. b3 Bg4 7. Nge2 Nbd7 8.
Nf4 e5 9. dxe5 Nxe5 10. h3 Be6 11. Be2 Ng6 12. Nxg6 hxg6 13. Bb2 dxc4 14.
bxc4 Be7 15. Rd1 Qa5 16. O-O O-O 17. e4 b4 18. e5 Nd7 19. Bg4 bxc3 20. Bxe6
Nc5 21. Bxc3 Qa4 22. Bxf7+ Rxf7 23. Qxg6 Qxc4 24. Qxc6 Raf8 25. Bd4 Qe6 26.
Qxe6 Nxe6 27. Be3 Rc8 28. Rd5 Nf4 29. Ra5 Rc6 30. Rb1 Rg6 31. Rb8+ Bf8 32.
Bxf4 Rxf4 33. Ra8 Rc6 34. f3 Rc2 35. R5xa6 Kh7 36. Ra4 Bc5+ 37. Kh1 Bd4 38.
e6 Be5 39. Rxf4 Bxf4 40. g3 Bd6 41. Rd8 Ba3 42. Ra8 Bd6 43. Rd8 Ba3 44. Ra8
1/2-1/2

[Event "ch-ISR"]
[Site "Ramat Aviv ISR"]
[Date "2004.09.21"]
[Round "3"]
[White "Zilberman,Y"]
[Black "Gofshtein,Z"]
[Result "1/2-1/2"]
[WhiteElo "2430"]
[BlackElo "2540"]
[EventDate "2004.09.19"]

1. d4 Nf6 2. Nf3 g6 3. c4 Bg7 4. Nc3 O-O 5. e4 d6 6. Be2 Na6 7. O-O e5 8.
d5 Nc5 9. Qc2 a5 10. Bg5 h6 11. Be3 b6 12. Nd2 Bg4 13. Rae1 Bxe2 14. Rxe2
Ng4 15. Bxc5 bxc5 16. g3 h5 17. Qd3 Qd7 18. f3 Nh6 19. f4 Rab8 20. b3 exf4
21. gxf4 Rbe8 22. Kh1 Re7 23. Rg2 Rfe8 24. Nb5 Ng4 25. h3 Nf6 26. Nc3 h4
27. f5 Nh5 28. Ne2 Be5 29. Rg4 Bg3 30. f6 Re5 31. Nf3 Nxf6 32. Nxe5 Bxe5
33. Rxh4 Qe7 34. Qe3 Nh5 35. Rxh5 gxh5 36. Rg1+ Bg7 37. Ng3 Qe5 38. Qf3 Kf8
39. Nxh5 Bh8 40. Ng3 Ke7 41. Rf1 Kd8 42. Qg4 Re7 43. Kg2 Qb2+ 44. Rf2 Qb1
45. h4 Bd4 46. Re2 f5 47. Nxf5 Qg1+ 48. Kh3 Qh1+ 49. Rh2 Qf1+ 50. Qg2 Qd3+
51. Qg3 Qf1+ 52. Qg2 Qd3+ 53. Qg3 Qf1+ 54. Qg2 Qd3+ 55. Qg3 1/2-1/2

[Event "ch-ISR"]
[Site "Ramat Aviv ISR"]
[Date "2004.09.21"]
[Round "3"]
[White "Gerzhoy,L"]
[Black "Erenburg,S"]
[Result "0-1"]
[WhiteElo "2376"]
[BlackElo "2533"]
[EventDate "2004.09.19"]

1. d4 d5 2. c4 c6 3. Nc3 Nf6 4. e3 Na6 5. Nf3 b5 6. b3 Bg4 7. Be2 e6 8. h3
Bh5 9. O-O Bd6 10. Bb2 O-O 11. Ne5 Bxe2 12. Nxe2 Nd7 13. Rc1 Bxe5 14. dxe5
dxc4 15. Ng3 Qh4 16. Kh2 Rfc8 17. Qe2 cxb3 18. f4 bxa2 19. f5 Nf8 20. Nh5
g6 21. Nf6+ Kh8 22. Rf4 Qh6 23. Ne4 gxf5 24. Nd6 Rc7 25. g4 Ng6 26. Rd4
fxg4 27. Rxg4 0-1

[Event "ch-ISR"]
[Site "Ramat Aviv ISR"]
[Date "2004.09.21"]
[Round "3"]
[White "Porat,S"]
[Black "Rinberg,A"]
[Result "0-1"]
[WhiteElo "2431"]
[BlackElo "2336"]
[EventDate "2004.09.19"]

1. d4 Nf6 2. c4 g6 3. Nc3 Bg7 4. e4 d6 5. Nf3 O-O 6. Be2 e5 7. O-O Nc6 8.
d5 Ne7 9. a4 a5 10. Ne1 Nd7 11. Nd3 f5 12. exf5 gxf5 13. Ra3 Kh8 14. f4 Nb6
15. Qb3 Ng6 16. Nb5 Rg8 17. fxe5 dxe5 18. Be3 f4 19. Bxb6 cxb6 20. Nf2 Nh4
21. Bg4 Bf8 22. Bxc8 Rxc8 23. Raa1 Nxg2 24. Kh1 Ne3 25. Rg1 Rxg1+ 26. Rxg1
Rxc4 27. d6 Bxd6 28. Qd3 Be7 29. Qxd8+ Bxd8 30. Ne4 Be7 31. Nd2 Rc6 32. b3
h6 33. Nf1 Nd1 34. Nd2 Nf2+ 35. Kg2 Rg6+ 36. Kf1 Rxg1+ 37. Kxg1 Bc5 38. Kf1
e4 39. Nc3 e3 40. Nf3 Nd3 41. Nd5 Bd6 42. Nxb6 Nc1 43. Nc4 Bb4 44. Nd4 Kh7
45. Ne2 Nxb3 46. Nxf4 Nd2+ 47. Nxd2 exd2 48. Ke2 Kg7 49. Nd5 Kf7 50. h3 Ke6
51. Ne3 h5 52. Nf1 Kf5 53. Ng3+ Kg5 54. Ne4+ Kh4 55. Nf6 Kg5 56. Ne4+ Kf4
57. Nf6 h4 58. Ng4 Kg3 59. Nf2 Kg2 60. Nd1 Kxh3 61. Kf3 Bc5 62. Nc3 Bd4 63.
Nd1 Kh2 64. Ke4 Bc5 65. Kf3 h3 66. Nc3 Bd4 0-1

[Event "ch-ISR"]
[Site "Ramat Aviv ISR"]
[Date "2004.09.21"]
[Round "3"]
[White "Krayz,A"]
[Black "Zaltz,D"]
[Result "0-1"]
[WhiteElo "2424"]
[BlackElo "2315"]
[EventDate "2004.09.19"]

1. e4 c5 2. b3 d6 3. Bb2 e5 4. Bc4 Nf6 5. d3 Be7 6. Ne2 O-O 7. O-O Nc6 8.
Nbc3 a6 9. a4 Rb8 10. Qd2 Nh5 11. f4 exf4 12. Nd5 Bg5 13. Ndxf4 Nd4 14.
Bxd4 cxd4 15. a5 Qe7 16. Qb4 Nxf4 17. Nxf4 Qe8 18. g3 Bd7 19. Kg2 Kh8 20.
Bd5 Rc8 21. c4 dxc3 22. d4 Qe7 23. Qxb7 Rb8 24. Qb6 Rxb6 25. axb6 Bb5 26.
Rf3 Bxf4 27. gxf4 Rb8 28. b7 Rxb7 29. Bxb7 Qxb7 30. d5 Qc8 31. Rc1 c2 32.
e5 dxe5 33. fxe5 Qg4+ 34. Rg3 Qe2+ 0-1

[Event "ch-ISR"]
[Site "Ramat Aviv ISR"]
[Date "2004.09.21"]
[Round "3"]
[White "Shevelev,A"]
[Black "Livshits,G"]
[Result "1/2-1/2"]
[WhiteElo "2340"]
[BlackElo "2415"]
[EventDate "2004.09.19"]

1. e4 c5 2. Nf3 e6 3. d4 cxd4 4. Nxd4 a6 5. Bd3 g6 6. c4 Bg7 7. Be3 Ne7 8.
Nc3 O-O 9. O-O d6 10. Rc1 Nbc6 11. Be2 f5 12. Nxc6 bxc6 13. f3 c5 14. Bf4
Bd4+ 15. Kh1 fxe4 16. fxe4 Nc6 17. Qd2 Ra7 18. Bh6 Rff7 19. Bg5 Qe8 20. e5
Bxe5 21. Ne4 Nd4 22. Nf6+ Bxf6 23. Bxf6 Nf5 24. Bc3 Qf8 25. b4 Qh6 26. Qxh6
Nxh6 27. Rxf7 Kxf7 28. Rb1 cxb4 29. Bd4 Rb7 30. Bf3 Rc7 31. Rxb4 a5 32. Bb6
axb4 33. Bxc7 Nf5 34. Ba5 Ba6 35. Bxb4 Bxc4 36. a4 d5 37. a5 Ke8 38. Bd1
Bb5 39. Kg1 Kd7 40. Kf2 Kc6 41. g4 Nd6 42. Bc2 e5 43. h4 Nc4 44. Kf3 e4+
45. Kf4 Kd7 1/2-1/2

[Event "ch-ISR"]
[Site "Ramat Aviv ISR"]
[Date "2004.09.21"]
[Round "3"]
[White "Sidorenko,I"]
[Black "Klenburg,M"]
[Result "1/2-1/2"]
[WhiteElo "2283"]
[BlackElo "2399"]
[EventDate "2004.09.19"]

1. e4 d6 2. d4 Nf6 3. Nc3 g6 4. Be3 c6 5. Qd2 b5 6. f3 Nbd7 7. O-O-O Qa5 8.
Kb1 Bg7 9. g4 h6 10. Nh3 a6 11. g5 hxg5 12. Nxg5 Qc7 13. Rg1 Nb6 14. Bd3 b4
15. Ne2 a5 16. Nf4 Rf8 17. e5 dxe5 18. dxe5 Nfd5 19. Nxg6 fxg6 20. Bxg6+
Kd8 21. Nf7+ Kd7 22. e6+ Kxe6 23. Bh6 Bxb2 24. Rde1+ Kd7 25. Bxf8 Bf6 26.
Bxe7 Bxe7 27. Rxe7+ Kxe7 28. Re1+ Be6 29. Ng5 Kd7 30. Nxe6 Qd6 31. Qh6 Kc8
32. Qg7 Nd7 33. Bf5 Nc3+ 34. Kb2 Na4+ 35. Kc1 Nab6 36. Rd1 Qxh2 37. Qe7 Qh8
38. Kb1 Nd5 39. Rxd5 cxd5 40. Nc5 1/2-1/2

[Event "ch-ISR"]
[Site "Ramat Aviv ISR"]
[Date "2004.09.21"]
[Round "3"]
[White "Bykhovsky,An ISR"]
[Black "Bitansky,I"]
[Result "1/2-1/2"]
[WhiteElo "2209"]
[BlackElo "2377"]
[EventDate "2004.09.19"]

1. d4 d6 2. e4 Nf6 3. Nc3 g6 4. f4 Bg7 5. Nf3 O-O 6. Bd3 Na6 7. O-O c5 8.
d5 Bg4 9. h3 Bxf3 10. Qxf3 Nb4 11. a3 Nxd3 12. cxd3 Nd7 13. h4 c4 14. dxc4
Rc8 15. Be3 Rxc4 16. Qe2 Qc7 17. e5 dxe5 18. f5 Nf6 19. fxg6 fxg6 20. Rac1
Rxh4 21. Ne4 Qd7 22. Nc5 Qxd5 23. Rfd1 Qf7 24. Bg5 Rd4 25. Rxd4 exd4 26.
Ne6 d3 27. Qe1 Re8 28. Rd1 h6 29. Bc1 Rc8 30. Nxg7 Kxg7 31. Rxd3 e5 32. Bd2
Qc4 33. Rc3 Qd4+ 34. Be3 Qg4 35. Bxh6+ 1/2-1/2

[Event "ch-ISR"]
[Site "Ramat Aviv ISR"]
[Date "2004.09.21"]
[Round "3"]
[White "Kaplan,S"]
[Black "Zoler,D"]
[Result "0-1"]
[WhiteElo "2326"]
[BlackElo "2518"]
[EventDate "2004.09.19"]

1. e4 c5 2. Nf3 d6 3. d4 cxd4 4. Nxd4 Nf6 5. Nc3 a6 6. Bg5 e6 7. f4 Be7 8.
Qf3 Qc7 9. O-O-O Nbd7 10. Be2 b5 11. e5 Bb7 12. exd6 Bxd6 13. Qe3 Bc5 14.
f5 e5 15. Qg3 b4 16. Bxf6 gxf6 17. Ndb5 axb5 18. Nxb5 Qb8 19. Qg7 Ke7 20.
Bc4 Qg8 21. Qh6 Qxg2 22. Rhe1 Be4 23. Rd2 Qg4 24. h3 Qxf5 25. Rf1 Qg6 26.
Rxf6 Kxf6 0-1

[Event "ch-ISR"]
[Site "Ramat Aviv ISR"]
[Date "2004.09.21"]
[Round "3"]
[White "Kataev,Si"]
[Black "Kantarji,P"]
[Result "0-1"]
[WhiteElo "2286"]
[BlackElo "2414"]
[EventDate "2004.09.19"]

1. d4 d5 2. Nf3 Nf6 3. g3 Bf5 4. Bg2 e6 5. O-O Nbd7 6. Nbd2 Bd6 7. b3 O-O
8. Bb2 c6 9. Ne5 a5 10. Ndf3 a4 11. Nd3 Qa5 12. c3 axb3 13. axb3 Qb5 14.
Re1 Rxa1 15. Bxa1 Ra8 16. Nh4 Be4 17. Bf1 Bxd3 18. exd3 Ra2 19. Nf3 Qb6 20.
Qb1 Qa5 21. h3 g6 22. Rc1 Bf8 23. Ne1 Bh6 24. Rd1 Qa3 25. Nf3 Ne8 26. Ne5
Nf8 27. c4 Bg7 28. Bc3 Nd6 0-1

[Event "ch-ISR"]
[Site "Ramat Aviv ISR"]
[Date "2004.09.21"]
[Round "3"]
[White "Kudischewitsch,D"]
[Black "Birnboim,N"]
[Result "1-0"]
[WhiteElo "2405"]
[BlackElo "2349"]
[EventDate "2004.09.19"]

1. d4 Nf6 2. c3 d5 3. Bg5 Nbd7 4. Nd2 g6 5. e3 Bg7 6. f4 c5 7. Bd3 Qb6 8.
Rb1 O-O 9. Qe2 cxd4 10. cxd4 Qe6 11. Ngf3 Ne4 12. Bh4 Ndf6 13. O-O Bd7 14.
h3 Rac8 15. Rfc1 Qb6 16. Nf1 Nd6 17. Ne5 Bf5 18. Bxf5 Nxf5 19. Be1 Ne4 20.
Rc2 Rxc2 21. Qxc2 g5 22. Kh1 gxf4 23. exf4 Nxd4 24. Qd1 Qa6 25. Ne3 Nf5 26.
Qxd5 Nxe3 27. Qxe4 Qf1+ 28. Kh2 Qe2 29. Qxb7 Rd8 30. Qf3 Qc2 31. Qxe3 Qxb1
32. Nc6 1-0

[Event "ch-ISR"]
[Site "Ramat Aviv ISR"]
[Date "2004.09.21"]
[Round "3"]
[White "Karasik,E"]
[Black "Shachar,E"]
[Result "1/2-1/2"]
[WhiteElo "2174"]
[BlackElo "2394"]
[EventDate "2004.09.19"]

1. c4 e6 2. Nc3 f5 3. e4 fxe4 4. Qh5+ g6 5. Qe5 Nf6 6. Nd5 Kf7 7. Qxc7 Be7
8. Qxd8 Bxd8 9. Nxf6 Bxf6 10. d3 exd3 11. Bxd3 Nc6 12. Nf3 b6 13. Ng5+ Kg7
14. O-O Ba6 15. Rd1 Rad8 16. Ne4 Bd4 17. Bg5 Rdf8 18. Rd2 h6 19. Bh4 e5 20.
Rad1 g5 21. Bg3 Kf7 22. Be2 Rd8 23. b3 d6 24. h4 Rhg8 25. Kh2 Bb7 26. Bg4
Ke7 27. h5 Nb8 28. f3 Bxe4 29. fxe4 Rgf8 30. Bf5 Nc6 31. Be1 a5 32. a4 Rf6
33. Rd3 Rdf8 34. Rf3 Nb8 35. Bd2 Na6 36. Bc1 Nc5 37. Ba3 Ne6 38. g4 Rd8 39.
Rdf1 Nf4 40. Rd1 Rff8 41. Rdf1 Ra8 42. Rd1 Rfd8 43. Rdf1 Kf6 44. Bc1 Ra7
45. Rd1 Rc7 46. Bxf4 gxf4 47. Rd2 Kg5 48. Kg2 Ra8 49. Ra2 Rg7 50. Rf1 Kf6
51. Kf3 Ke7 52. Rh1 Rg5 53. Rhh2 Kd8 54. Be6 Ra7 55. Rhg2 Ke7 1/2-1/2

[Event "ch-ISR"]
[Site "Ramat Aviv ISR"]
[Date "2004.09.22"]
[Round "4"]
[White "Erenburg,S"]
[Black "Mikhalevski,V"]
[Result "1-0"]
[WhiteElo "2533"]
[BlackElo "2551"]
[EventDate "2004.09.19"]

1. e4 e5 2. Nf3 Nf6 3. d4 Nxe4 4. Bd3 d5 5. Nxe5 Nd7 6. Nxd7 Bxd7 7. O-O
Bd6 8. c4 c6 9. Nc3 Nxc3 10. bxc3 O-O 11. cxd5 cxd5 12. Qh5 g6 13. Qxd5 Qc7
14. Qf3 Bxh2+ 15. Kh1 Bd6 16. c4 Rfe8 17. c5 Bf8 18. Be4 Bc6 19. d5 Bb5 20.
d6 Qxc5 21. Bd5 Bg7 22. Ba3 Qd4 23. Bxf7+ Kh8 24. Bxe8 Bxf1 25. Rxf1 Rxe8
26. Rd1 Qa4 27. d7 Rd8 28. Qd3 Bf6 29. Qd6 Qc6 30. Qxc6 bxc6 31. Bb4 Rb8
32. Bc3 Bxc3 33. d8=Q+ Rxd8 34. Rxd8+ Kg7 35. Rd7+ Kf6 36. Rxa7 Bd4 37. Ra6
Ke5 38. Rxc6 Bxf2 39. a4 Kd5 40. Rc7 Be1 41. Rxh7 g5 42. Rg7 1-0

[Event "ch-ISR"]
[Site "Ramat Aviv ISR"]
[Date "2004.09.22"]
[Round "4"]
[White "Golod,V"]
[Black "Gruenfeld,Y"]
[Result "1-0"]
[WhiteElo "2538"]
[BlackElo "2471"]
[EventDate "2004.09.19"]

1. d4 Nf6 2. c4 c5 3. d5 e6 4. Nc3 exd5 5. cxd5 d6 6. e4 g6 7. h3 Bg7 8.
Bd3 O-O 9. Nf3 b5 10. Bxb5 Nxe4 11. Nxe4 Qa5+ 12. Nfd2 Qxb5 13. Nxd6 Qa6
14. N2c4 Nd7 15. O-O Nb6 16. Nxb6 Qxb6 17. Nxc8 Raxc8 18. Re1 Rfe8 19. Bg5
Bd4 20. Qf3 Qd6 21. Bf4 Be5 22. Rxe5 Rxe5 23. Bxe5 Qxe5 24. Rd1 Qxb2 25. d6
Rd8 26. Qd5 Qe2 27. Rd3 Qe1+ 28. Kh2 Qxf2 29. Rf3 Qd4 30. Qxf7+ Kh8 31. Rf6
Qe5+ 32. Kh1 Qe8 33. Qd5 Qe1+ 34. Kh2 Qe3 35. d7 Rxd7 36. Qa8+ 1-0

[Event "ch-ISR"]
[Site "Ramat Aviv ISR"]
[Date "2004.09.22"]
[Round "4"]
[White "Kantsler,B"]
[Black "Avrukh,B"]
[Result "1/2-1/2"]
[WhiteElo "2474"]
[BlackElo "2600"]
[EventDate "2004.09.19"]

1. Nf3 Nf6 2. d4 g6 3. Bg5 Bg7 4. Nbd2 O-O 5. c3 d6 6. e4 c5 7. dxc5 dxc5
8. Bc4 Nc6 9. O-O Qc7 10. Re1 Nh5 11. h3 b6 12. Nh2 h6 13. Be3 Kh7 14. Ng4
e6 15. Nf3 f5 16. exf5 exf5 17. Ngh2 Bb7 18. Bd2 Rad8 19. Qe2 Nf6 20. Rad1
Ne4 21. Bc1 Na5 22. Rxd8 Rxd8 23. Bd3 Qf7 24. Bb1 Bd5 25. Nf1 Re8 26. a3
Bc4 27. Qd1 Bb3 28. Qd3 Nc4 29. Ne3 Ncd6 30. Bc2 Be6 31. Nf1 Rd8 32. N3d2
Nxf2 33. Qf3 Nfe4 34. Nxe4 fxe4 35. Bxe4 Nxe4 36. Qxe4 Bd5 37. Qe7 Rd7 38.
Qxf7 Bxf7 39. Be3 g5 40. Nd2 Kg6 41. Nf3 Bb3 42. Bf2 Kf5 43. Bg3 Bf6 44. h4
g4 45. Ne5 Rd1 46. Rxd1 Bxd1 47. Nc6 a6 48. Nb8 Be5 49. Bxe5 Kxe5 50. Nd7+
Kd6 51. Nxb6 Bb3 52. a4 a5 53. c4 g3 54. Nc8+ Kd7 55. Nb6+ Kd6 56. Nc8+ Ke5
57. Nb6 Kd4 58. Nd5 Bxc4 59. Ne7 Bd3 60. Nc6+ Kc4 61. Ne5+ Kd4 62. Nc6+ Kd5
63. Nxa5 c4 64. h5 Bc2 65. Kf1 Bd3+ 66. Ke1 Be4 67. Nb7 Bxg2 68. Nd8 Bf3
69. Nf7 Bxh5 70. Nxh6 Bg6 71. Ng4 Kd4 72. a5 Bf5 73. Nf6 Kc5 74. Ke2 Kb5
75. Kf3 Kxa5 76. Kxg3 Kb4 77. Nd5+ 1/2-1/2

[Event "ch-ISR"]
[Site "Ramat Aviv ISR"]
[Date "2004.09.22"]
[Round "4"]
[White "Rinberg,A"]
[Black "Roiz,M"]
[Result "0-1"]
[WhiteElo "2336"]
[BlackElo "2574"]
[EventDate "2004.09.19"]

1. e4 c5 2. Nf3 d6 3. d3 Nc6 4. g3 g6 5. Bg2 Bg7 6. O-O e5 7. c3 Nge7 8. a3
O-O 9. b4 b6 10. Nbd2 h6 11. Nc4 b5 12. Ne3 Be6 13. Nd2 a5 14. bxa5 Nxa5
15. Rb1 Rb8 16. f4 exf4 17. gxf4 f5 18. Bb2 fxe4 19. dxe4 d5 20. Nb3 Nxb3
21. Qxb3 Qb6 22. Qc2 d4 23. Nd1 d3 24. Qd2 c4+ 25. Kh1 Qc7 26. Bc1 Bg4 27.
Nf2 Be2 28. Rg1 Qc5 29. Qe3 Qh5 30. Bd2 g5 31. f5 Nc6 32. Nh3 Ne5 33. Qg3
Rb7 34. f6 Bxf6 35. Nf4 Qg4 36. Nxe2 Qxe2 37. Rb2 Qg4 38. Qxg4 Nxg4 39. h3
0-1

[Event "ch-ISR"]
[Site "Ramat Aviv ISR"]
[Date "2004.09.22"]
[Round "4"]
[White "Postny,E"]
[Black "Zilberman,Y"]
[Result "1/2-1/2"]
[WhiteElo "2563"]
[BlackElo "2430"]
[EventDate "2004.09.19"]

1. e4 e5 2. Nf3 Nc6 3. Bb5 a6 4. Ba4 Nf6 5. O-O Be7 6. Bxc6 dxc6 7. d3 Nd7
8. b3 O-O 9. Bb2 f6 10. Nbd2 Nc5 11. d4 exd4 12. Nxd4 Ne6 13. Nf5 Ng5 14.
Nxe7+ Qxe7 15. Qe2 Re8 16. Rae1 Qc5 17. Qd3 Ne6 18. Nc4 b5 19. Ne3 Nf4 20.
Qd1 Qe7 21. Qf3 Qxe4 22. Qg3 Bd7 23. f3 Qb4 24. Bxf6 Nh5 25. Qh4 Qxh4 26.
Bxh4 a5 27. g4 Nf6 28. Bxf6 gxf6 29. Kf2 a4 30. Rd1 Be6 31. Rd3 axb3 32.
axb3 Kf8 33. Rfd1 b4 34. f4 Ra5 35. f5 Bf7 36. Rd8 h5 37. h3 hxg4 38. hxg4
Rae5 39. Rxe8+ Kxe8 40. Rd4 c5 41. Rd1 Ke7 42. Re1 Kd7 43. Rd1+ Ke7 44. Nc4
Re4 45. Kf3 Rd4 46. Rxd4 cxd4 47. Nb2 c5 48. Nd3 Kd6 49. Kf4 Kc6 50. g5
fxg5+ 51. Kxg5 Kb5 52. Kf6 Bd5 53. Ke5 Bg8 54. Nb2 d3 55. Nxd3 c4 56. Nc1
Kc5 57. f6 Bf7 58. bxc4 Kxc4 59. Nb3 Kc3 60. Nd4 Bg6 61. Kd5 Bf7+ 62. Ke4
Bg8 63. Ke5 Bf7 64. Nc6 Bg6 65. Kd6 Bf7 66. Ke7 Bh5 67. Kf8 Bg6 68. Kg7 Be8
69. Kh6 Bf7 70. Ne5 Be8 71. Nc6 Bf7 72. Kg7 Be8 1/2-1/2

[Event "ch-ISR"]
[Site "Ramat Aviv ISR"]
[Date "2004.09.22"]
[Round "4"]
[White "Gofshtein,Z"]
[Black "Lerner,K"]
[Result "0-1"]
[WhiteElo "2540"]
[BlackElo "2494"]
[EventDate "2004.09.19"]

1. e4 c5 2. Nf3 d6 3. d4 cxd4 4. Nxd4 Nf6 5. Nc3 Nc6 6. Bg5 e6 7. Qd2 Be7
8. O-O-O O-O 9. Nb3 a6 10. f4 b5 11. Qe1 b4 12. Na4 Qc7 13. Rd3 d5 14. e5
Ne4 15. Bxe7 Nxe7 16. Qxb4 Nf2 17. Rg1 Nxd3+ 18. Bxd3 a5 19. Qc5 Qxc5 20.
Nbxc5 Rb8 21. a3 Rd8 22. b3 Bd7 23. Na6 Rb7 24. N4c5 Rb6 25. Nxd7 Rxd7 26.
Kd2 Nc6 27. Rb1 f6 28. Nc5 Re7 29. Re1 fxe5 30. fxe5 Nb8 31. Na4 Rbb7 32.
Nc3 Rf7 33. Nb5 Rf2+ 34. Kc3 Nc6 35. Re2 Rxe2 36. Bxe2 Nxe5 37. Kd4 Nd7 38.
a4 Kf7 39. c3 Ke7 40. b4 Rb8 41. Bd1 Rc8 42. Bb3 Nb8 43. bxa5 Nc6+ 44. Kc5
Nxa5+ 45. Kb4 Nxb3 46. Kxb3 e5 47. a5 Kd7 48. a6 Rc6 49. a7 Ra6 50. c4 Kc6
0-1

[Event "ch-ISR"]
[Site "Ramat Aviv ISR"]
[Date "2004.09.22"]
[Round "4"]
[White "Khmelniker,I"]
[Black "Gershon,A"]
[Result "1-0"]
[WhiteElo "2444"]
[BlackElo "2518"]
[EventDate "2004.09.19"]

1. d4 Nf6 2. c4 e6 3. Nf3 b6 4. Nc3 Bb7 5. a3 d5 6. cxd5 Nxd5 7. Qc2 Nxc3
8. bxc3 Be7 9. e4 O-O 10. Bd3 c5 11. O-O Qc8 12. Qe2 Ba6 13. Rd1 Bxd3 14.
Rxd3 cxd4 15. cxd4 Nd7 16. e5 Rd8 17. Bg5 Bxg5 18. Nxg5 Nf8 19. Qh5 Rd7 20.
Ne4 Qc2 21. Rad1 Ng6 22. Qg4 Rd5 23. f4 Rc8 24. h4 h5 25. Qg5 Qb2 26. f5
exf5 27. Nd6 Rc3 28. Rxc3 Qxc3 29. Nxf5 Qxa3 30. Qxh5 Ne7 31. Nd6 Qe3+ 32.
Kh1 Qf4 33. g3 Qf2 34. Ne4 Qf5 35. Qe2 Nc6 36. Ng5 Nxd4 37. Qe4 Qd7 38. Qd3
Qc6 39. Kh2 g6 40. e6 f5 41. e7 Re5 42. Kh3 Re2 43. e8=Q+ Qxe8 44. Qxd4 f4
45. Qxf4 Qc6 46. g4 Qc3+ 47. Nf3 Re8 48. Rd6 Qg7 49. Qg5 1-0

[Event "ch-ISR"]
[Site "Ramat Aviv ISR"]
[Date "2004.09.22"]
[Round "4"]
[White "Zaltz,D"]
[Black "Huzman,A"]
[Result "0-1"]
[WhiteElo "2315"]
[BlackElo "2588"]
[EventDate "2004.09.19"]

1. e4 c5 2. Nf3 d6 3. d4 cxd4 4. Nxd4 Nf6 5. Nc3 a6 6. Be3 e6 7. f3 b5 8.
Qd2 Nbd7 9. g4 Nb6 10. O-O-O Bb7 11. Qf2 Nfd7 12. Bd3 Rc8 13. Nce2 Nc5 14.
Kb1 Nba4 15. g5 Qc7 16. Bc1 g6 17. Qe3 Nxd3 18. Qxd3 Bg7 19. h4 e5 20. Nb3
O-O 21. Ng3 Rfd8 22. h5 d5 23. Qe2 Qc4 24. Qg2 dxe4 25. Rxd8+ Rxd8 26. Nxe4
Bxe4 27. fxe4 Qe6 28. hxg6 Qxg6 29. Qf3 Nb6 30. Rd1 Rc8 31. Qg4 Qc6 32. Rd2
Nc4 33. Rd5 Bf8 34. Qe2 a5 35. Qd3 a4 36. Nd2 Ne3 37. c3 Nxd5 38. exd5 Qd6
39. Ne4 Qg6 40. b3 axb3 41. axb3 Rxc3 42. Qxc3 Qxe4+ 43. Qc2 Qxd5 44. Ka2
Qe6 45. Qc7 Qa6+ 46. Kb1 Qg6+ 47. Ka2 0-1